| 000 | 00767 a2200193 4500 | ||
|---|---|---|---|
| 003 | Nust | ||
| 005 | 20220810085331.0 | ||
| 020 | _a0340692758 | ||
| 040 | _cNust | ||
| 082 | _a621.381,PRA | ||
| 100 |
_aPratley .B Pratley _996679 |
||
| 245 |
_aElectronic : _bPrinciples and Applications / _cJohn B Pratley |
||
| 260 |
_aLondon _bArnold _c1998 |
||
| 300 | _a219p | ||
| 490 | _aself Assesment Series | ||
| 505 | _aPrinciples of electricity (Page-1), Alternating Voltage and current (Page-11),Waveforms and signals (Page-25), Components-1 (Page-43), Components-2 (Page-57), Components-3 (Page-81), Components-4 (Page-115), Getting Started on constructions (Page-135), Electronic Circuits (Page-173), | ||
| 650 | _aTelecommunication Engineering. | ||
| 942 |
_cREF _2ddc |
||
| 999 |
_c176258 _d176258 |
||